[Event "11th LCC Rapid 2019"]
[Site "London"]
[Date "2019.12.08"]
[Round "5.8"]
[White "Clarke, Brandon Gi"]
[Black "Stewart, Ashley"]
[Result "1-0"]
[WhiteElo "2380"]
[BlackElo "2172"]
[Annotator "TA"]
[PlyCount "87"]
[EventDate "2019.12.08"]
[EventType "swiss"]
[EventCountry "ENG"]

{[%evp 18,87,30,35,60,45,62,61,58,46,44,44,59,33,44,0,48,54,51,44,43,0,0,0,15,0,0,0,0,-43,39,39,39,0,565,571,866,894,894,894,894,893,894,894,870,864,2435,2302,5456,1172,680,1112,989,993,998,994,29978,29979,29985,29986,29986,29987,29987,29988,29995,29987,29993,29994,29994,29995,29998,29999]} 1. e4 c5 2. Nf3 g6 3. d4 cxd4 4. Nxd4 Nc6 5. c4 Nf6 6. Nc3 Nxd4 7. Qxd4 d6 8. Be3 Bg7 9. f3 O-O 10. Qd2 a5 {B36: Sicilian: Maroczy Bind: Gurgenidze System} (10... Be6 11. Rc1 Qa5 12. b3 Rfc8 13. Bd3 a6 14. Na4 Qxd2+ 15. Kxd2 Nd7 16. Nc3 b5 17. Nd5 Bxd5 18. cxd5 b4 19. Rxc8+ Rxc8 {½-½ (60) So,W (2762)-Guseinov,G (2664) chess.com INT 2019}) 11. Na4 Nd7 12. O-O-O Qc7 {White is slightly better.} 13. Kb1 Nc5 14. Nc3 Bxc3 $146 ({Predecessor:} 14... Be6 15. h4 Nd7 16. h5 Nf6 17. hxg6 fxg6 18. Rc1 {1-0 (60) Kucharska,H (2062)-Nazarova,A (2261) Bratislava 2019}) 15. Qxc3 f5 16. Bh6 {[%csl Gh6][%cal Rc3g7]} Rf7 17. e5 $1 f4 $1 18. exd6 $40 {[%mdl 128] White is up to no good.} exd6 19. Qd2 Bf5+ 20. Kc1 $1 a4 21. Qxd6 Qa5 22. Qd2 $1 {[%cal Rd2a5]} Qb6 {Strongly threatening ...Nb3+!} 23. Qc3 (23. Qd6 $5 {[%cal Rd6b6]} Qb3 24. Qd8+ $1 {[%mdl 512]} Rf8 25. Qd5+ Rf7 26. Qd8+ $1 {[%mdl 512]} Rf8 27. Qd5+ Rf7 28. Qd8+ $1 $11 {[%mdl 512]}) 23... Nb3+ (23... a3 $15 24. b3 (24. Bxf4 $2 Nb3+ {[%mdl 64] Promotion} 25. axb3 a2 $19) 24... Na4) 24. axb3 $14 axb3 25. Rd4 {Threatens to win with c5.} Ra1+ $2 {[%mdl 8192]} (25... Qe6 $1 $11 26. Bd3 (26. Kd2 $2 Re7 $19) 26... Ra1+ 27. Bb1 Rxb1+ 28. Kd2 Rxb2+ $1 {[%mdl 512]} 29. Kc1 Rb1+ 30. Kd2 Rb2+ $1 {[%mdl 512]} 31. Kc1 Rb1+ 32. Kd2 Rb2+ $1 {[%mdl 512]}) 26. Kd2 $18 Bc2 {...Rd1+ is the strong threat.} 27. c5 $1 Rd1+ {[#]} 28. Ke2 $1 Qe6+ 29. Kf2 {White wants to mate with Bc4!} Qe3+ 30. Qxe3 fxe3+ 31. Bxe3 Rb1 {[#]} 32. Bc4 $1 {White threatens Bh6! and mate.} Rxh1 {[#]} 33. Bh6 (33. Rd7 $142 $1 {[%mdl 512]} g5 34. Bxf7+ Kf8 35. Bxg5 Rxh2 36. Rxb7) 33... Rd1 34. Rxd1 (34. Rf4 $142 Rd2+ {[#]} 35. Ke3 $1 {[%mdl 512]}) 34... Bxd1 {[%mdl 4096] Endgame KRB-KB} 35. h4 Bc2 36. g4 {And now Ke2 would win.} Bd1 37. Ke3 {White mates.} Bc2 38. Kd2 g5 39. h5 Bb1 40. Bxb3 b6 41. cxb6 Kh8 42. Bxf7 Be4 43. Bf8 Bxf3 44. h6 {Accuracy: White = 53%, Black = 49%.} 1-0

[Event "11th LCC Rapid 2019"]
[Site "London"]
[Date "2019.12.07"]
[Round "6.1"]
[White "Gordon, Stephen J"]
[Black "Haydon, David L"]
[Result "1-0"]
[WhiteElo "2495"]
[BlackElo "2294"]
[PlyCount "121"]
[EventDate "2019.12.08"]
[EventType "swiss"]
[EventCountry "ENG"]
[TimeControl "15+10"]
[WhiteClock "0:00:36"]
[BlackClock "0:00:38"]

1. c4 {[%emt 0:00:00]} c6 {[%emt 0:00:00]} 2. Nf3 {[%emt 0:00:00]} Nf6 {[%emt 0:00:00]} 3. Nc3 {[%emt 0:00:00]} d5 {[%emt 0:00:00]} 4. d4 {[%emt 0:00:00]} e6 {[%emt 0:00:00]} 5. Bg5 {[%emt 0:00:00]} Nbd7 {[%emt 0:00:00]} 6. e3 {[%emt 0:00:00]} Be7 {[%emt 0:00:00]} 7. Bd3 {[%emt 0:00:00]} a5 {[%emt 0:00:00]} 8. O-O {[%emt 0:00:00]} O-O {[%emt 0:00:00]} 9. Qc2 {[%emt 0:00:00]} h6 {[%emt 0:00:00]} 10. Bh4 {[%emt 0:00:00]} b6 {[%emt 0:00:00]} 11. cxd5 {[%emt 0:00:00]} exd5 {[%emt 0:00:00]} 12. e4 {[%emt 0:00:00]} dxe4 {[%emt 0:00:00]} 13. Nxe4 {[%emt 0:00:00]} Bb7 {[%emt 0:00:00]} 14. Rfe1 {[%emt 0:00:00]} Nxe4 {[%emt 0:00:00]} 15. Bxe7 {[%emt 0:00:00]} Qxe7 {[%emt 0:00:00]} 16. Bxe4 {[%emt 0:00:00]} Qd6 {[%emt 0:00:00]} 17. Ne5 {[%emt 0:00:00]} Nf6 {[%emt 0:00:00]} 18. Bf3 {[%emt 0:00:00]} Rac8 {[%emt 0:00:00]} 19. Rad1 {[%emt 0:00:00]} Qc7 {[%emt 0:00:00]} 20. Qb3 {[%emt 0:00:00]} Rfd8 {[%emt 0:01:24]} 21. Rc1 {[%emt 0:00:00]} Rd6 {[%emt 0:00:01]} 22. Nc4 {[%emt 0:00:15]} Rxd4 {[%emt 0:00:03]} 23. Qxb6 {[%emt 0:00:02]} Qxb6 {[%emt 0:00:11]} 24. Nxb6 {[%emt 0:00:02]} Rb4 {[%emt 0:00:03]} 25. Nxc8 {[%emt 0:00:01]} Bxc8 {[%emt 0:00:07]} 26. Rxc6 {[%emt 0:00:08]} Be6 {[%emt 0:00:02]} 27. b3 {[%emt 0:01:34]} a4 {[%emt 0:00:02]} 28. Rc3 {[%emt 0:00:52]} axb3 {[%emt 0:00:06]} 29. axb3 {[%emt 0:00:01]} Rxb3 {[%emt 0:00:09]} 30. Rxb3 {[%emt 0:00:02]} Bxb3 {[%emt 0:00:02]} 31. h4 {[%emt 0:00:05]} g6 {[%emt 0:00:12]} 32. g3 {[%emt 0:00:07]} Be6 {[%emt 0:00:04]} 33. Bc6 {[%emt 0:00:04]} Kg7 {[%emt 0:00:02]} 34. Re5 {[%emt 0:00:06]} Ng4 {[%emt 0:00:05]} 35. Rc5 {[%emt 0:00:02]} Nf6 {[%emt 0:00:02]} 36. Kg2 {[%emt 0:00:04]} Kf8 {[%emt 0:00:03]} 37. Kf3 {[%emt 0:00:07]} Bg4+ {[%emt 0:00:19]} 38. Kf4 {[%emt 0:00:10]} Be6 {[%emt 0:00:03]} 39. Bb5 {[%emt 0:00:23]} Ke7 {[%emt 0:00:38]} 40. Rc1 {[%emt 0:00:17]} g5+ {[%emt 0:00:15]} 41. hxg5 {[%emt 0:00:11]} hxg5+ {[%emt 0:00:02]} 42. Kf3 {[%emt 0:00:46]} Bd5+ {[%emt 0:00:27]} 43. Ke3 {[%emt 0:00:06]} Ng4+ {[%emt 0:00:28]} 44. Kd4 {[%emt 0:00:32]} Be6 {[%emt 0:00:19]} 45. Rc2 {[%emt 0:00:10]} Kf6 {[%emt 0:00:16]} 46. Bf1 {[%emt 0:00:11]} Ne5 {[%emt 0:00:14]} 47. Bg2 {[%emt 0:00:02]} Ng6 {[%emt 0:00:36]} 48. Rc5 {[%emt 0:00:08]} Ne7 {[%emt 0:00:04]} 49. Be4 {[%emt 0:00:06]} Ba2 {[%emt 0:00:17]} 50. Ra5 {[%emt 0:00:12]} Be6 {[%emt 0:00:02]} 51. Ra6 {[%emt 0:00:04]} Kg7 {[%emt 0:01:16]} 52. Ke5 {[%emt 0:00:02]} Bb3 {[%emt 0:00:15]} 53. Ra7 {[%emt 0:00:09]} Ng8 {[%emt 0:00:01]} 54. Bd5 {[%emt 0:00:57]} Bxd5 {[%emt 0:00:02]} 55. Kxd5 {[%emt 0:00:01]} Nf6+ {[%emt 0:00:02]} 56. Ke5 {[%emt 0:00:46]} Ng4+ {[%emt 0:00:01]} 57. Kf5 {[%emt 0:00:02]} Nxf2 {[%emt 0:00:02]} 58. Rd7 {[%emt 0:00:03]} Nh1 {[%emt 0:00:17]} 59. Rd3 {[%emt 0:00:33]} g4 {[%emt 0:00:02]} 60. Kf4 {[%emt 0:00:23]} Nf2 {[%emt 0:01:03]} 61. Rd2 {[%emt 0:00:01]} 1-0

[Event "11th LCC Rapid 2019"]
[Site "London"]
[Date "2019.12.07"]
[Round "6.2"]
[White "Hebden, Mark L"]
[Black "Johnson, Daniel"]
[Result "1/2-1/2"]
[WhiteElo "2433"]
[BlackElo "2144"]
[Annotator "RC"]
[PlyCount "171"]
[EventDate "2019.12.08"]
[EventType "swiss"]
[EventCountry "ENG"]
[TimeControl "15+10"]
[WhiteClock "0:02:45"]
[BlackClock "0:06:04"]

1. d4 {[%emt 0:00:00]} Nf6 {[%emt 0:00:00]} 2. Nc3 {[%emt 0:00:00]} d5 {[%emt 0:00:00]} 3. Bf4 {[%emt 0:00:00]} c5 {[%emt 0:00:00]} 4. e3 {[%emt 0:00:00]} e6 {[%emt 0:00:00]} 5. Nb5 {[%emt 0:00:00]} Na6 {[%emt 0:00:00]} 6. c3 {[%emt 0:00:00]} Be7 {[%emt 0:00:00]} 7. a4 {[%emt 0:00:00]} O-O {[%emt 0:00:00]} 8. h3 {[%emt 0:00:00]} Bd7 {[%emt 0:00:00]} 9. Nf3 {[%emt 0:00:00]} c4 {[%emt 0:00:00]} 10. Be2 {[%emt 0:00:00]} Bxb5 {[%emt 0:00:00]} 11. axb5 {[%emt 0:00:00]} Nc7 {[%emt 0:00:00]} 12. Qa4 {[%emt 0:00:00]} a6 {[%emt 0:00:00]} 13. b6 {[%emt 0:00:00]} Nb5 {[%emt 0:00:00]} 14. Qa5 {[%emt 0:00:00]} Nd7 {[%emt 0:00:00]} 15. e4 {[%emt 0:00:00]} Qxb6 {[%emt 0:00:00]} 16. exd5 {[%emt 0:00:00]} Qxa5 {[%emt 0:00:00]} 17. Rxa5 {[%emt 0:00:00]} exd5 {[%emt 0:00:00]} 18. Kd2 {[%emt 0:00:00]} Nf6 {[%emt 0:00:00]} 19. Rha1 {[%emt 0:00:00]} Rac8 {[%emt 0:00:00]} 20. Ke1 {[%emt 0:00:00]} Rfe8 {[%emt 0:00:00]} 21. Kf1 {[%emt 0:00:00]} Bd8 {[%emt 0:00:00]} 22. R5a2 {[%emt 0:00:00]} Bc7 {[%emt 0:00:40]} 23. Bxc7 {[%emt 0:00:00]} Rxc7 {[%emt 0:00:12]} 24. Ne5 {[%emt 0:00:00]} Nd7 {[%emt 0:00:24]} 25. f4 {[%emt 0:00:00]} f6 {[%emt 0:00:16]} 26. Ng4 {[%emt 0:00:00]} Nd6 {[%emt 0:00:39]} 27. Bf3 {[%emt 0:00:00]} Ne4 {[%emt 0:01:01]} 28. Bxe4 {[%emt 0:00:00]} Rxe4 {[%emt 0:00:29]} 29. g3 {[%emt 0:00:00]} Nb6 {[%emt 0:00:27]} 30. Re1 {[%emt 0:00:00]} Rce7 {[%emt 0:00:16]} 31. Rxe4 {[%emt 0:00:00]} Rxe4 {[%emt 0:00:09]} 32. Ra5 {[%emt 0:00:00]} h5 {[%emt 0:00:24]} 33. Nf2 {[%emt 0:00:06]} Re3 {[%emt 0:00:03]} 34. g4 {[%emt 0:00:21]} hxg4 {[%emt 0:00:14]} 35. hxg4 {[%emt 0:00:00]} Kf7 {[%emt 0:00:36]} 36. Rc5 {[%emt 0:00:00]} Re7 {[%emt 0:00:12]} 37. Nd1 {[%emt 0:00:08]} Ke6 {[%emt 0:00:08]} 38. Ne3 {[%emt 0:00:15]} g6 {[%emt 0:00:06]} 39. Kf2 {[%emt 0:00:13]} f5 {[%emt 0:00:01]} 40. gxf5+ {[%emt 0:00:15]} gxf5 {[%emt 0:00:01]} 41. Ra5 {[%emt 0:00:08]} Rh7 {[%emt 0:00:08]} 42. Ra1 {[%emt 0:00:13]} Rh2+ {[%emt 0:00:08]} 43. Ng2 {[%emt 0:00:00]} Nd7 {[%emt 0:00:25]} 44. Re1+ {[%emt 0:00:00]} Kd6 {[%emt 0:00:08]} 45. Kg3 {[%emt 0:00:02]} Rh5 {[%emt 0:00:05]} 46. Nh4 {[%emt 0:00:45]} a5 {[%emt 0:00:19]} 47. Nf3 {[%emt 0:01:27]} Nf6 {[%emt 0:00:14]} 48. Re5 {[%emt 0:00:07]} Ne4+ {[%emt 0:00:10]} 49. Kg2 {[%emt 0:00:01]} b5 {[%emt 0:00:17]} 50. Re8 {[%emt 0:00:35]} b4 {[%emt 0:00:05]} 51. Rd8+ {[%emt 0:00:33]} Ke6 {[%emt 0:00:01]} 52. Re8+ {[%emt 0:00:59]} Kd6 {[%emt 0:00:05]} 53. Rd8+ {[%emt 0:00:05]} Ke6 {[%emt 0:00:18]} 54. Re8+ {[%emt 0:00:01]} Kd6 {[%emt 0:00:02]} 55. cxb4 {[%emt 0:00:24]} axb4 {[%emt 0:00:01]} 56. Rb8 {[%emt 0:00:02]} c3 {[%emt 0:00:09]} 57. bxc3 {[%emt 0:00:07]} bxc3 {[%emt 0:00:01]} 58. Rc8 {[%emt 0:00:11]} Rh7 {[%emt 0:00:16]} 59. Ne5 {[%emt 0:00:15]} Rc7 {[%emt 0:00:38]} 60. Rd8+ {[%emt 0:00:01]} Ke7 {[%emt 0:00:13]} 61. Rxd5 {[%emt 0:00:14]} c2 {[%emt 0:00:05]} 62. Nd3 {[%emt 0:00:02]} c1=Q {[%emt 0:00:15]} 63. Nxc1 {[%emt 0:00:04]} Rxc1 {[%emt 0:00:09]} 64. Rxf5 {[%emt 0:00:04]} Nf6 {[%emt 0:00:07]} 65. Re5+ {[%emt 0:00:10]} Kd6 {[%emt 0:00:01]} 66. f5 {[%emt 0:00:09]} Rd1 {[%emt 0:00:25]} 67. Re6+ {[%emt 0:00:03]} Kd7 {[%emt 0:00:00]} 68. Rxf6 {[%emt 0:00:04]} Rxd4 {[%emt 0:00:02]} 69. Kf3 {[%emt 0:00:01]} Ke7 {[%emt 0:00:02]} 70. Rg6 {[%emt 0:00:08]} Kf7 {[%emt 0:00:01]} 71. Rg4 {[%emt 0:00:07]} Rxg4 {[%emt 0:00:15]} 72. Kxg4 {[%emt 0:00:01]} Kf6 {[%emt 0:00:01]} 73. Kf4 {[%emt 0:00:01]} Kf7 {[%emt 0:00:01]} 74. Ke4 {[%emt 0:00:01]} Kf6 {[%emt 0:00:03]} 75. Kf4 {[%emt 0:00:00]} Kf7 {[%emt 0:00:01]} 76. Ke5 {[%emt 0:00:00]} Ke7 {[%emt 0:00:01]} 77. Ke4 {[%emt 0:00:02]} Kf6 {[%emt 0:00:02]} 78. Kf4 {[%emt 0:00:00]} Kf7 {[%emt 0:00:01]} 79. Kg5 {[%emt 0:00:01]} Kg7 {[%emt 0:00:01]} 80. f6+ {[%emt 0:00:00]} Kf7 {[%emt 0:00:01]} 81. Kf5 {[%emt 0:00:00]} Kf8 {[%emt 0:00:01]} 82. Ke5 {[%emt 0:00:03]} Kf7 {[%emt 0:00:01]} 83. Kf5 {[%emt 0:00:01]} Kf8 {[%emt 0:00:01]} 84. Kg6 {[%emt 0:00:00]} Kg8 {[%emt 0:00:01]} 85. f7+ {[%emt 0:00:01]} Kf8 {[%emt 0:00:01]} 86. Kf6 {[%emt 0:00:00]} 1/2-1/2

[Event "11th LCC Rapid 2019"]
[Site "London"]
[Date "2019.12.07"]
[Round "6.3"]
[White "Brozel, Sacha"]
[Black "Arkell, Keith C"]
[Result "0-1"]
[WhiteElo "2188"]
[BlackElo "2453"]
[Annotator "TA"]
[PlyCount "100"]
[EventDate "2019.12.08"]
[EventType "swiss"]
[EventCountry "ENG"]

{[%evp 9,100,0,12,5,5,0,6,0,25,9,56,12,55,54,41,62,62,62,47,52,73,10,22,0,17,17,89,3,6,-29,-20,-38,-34,-40,-33,-44,-12,-15,-6,-27,-9,-25,-7,-22,0,-42,2,-32,-22,-247,47,0,0,-2,-3,-1,-4,-1,-1,-16,6,-3,0,0,0,0,0,-72,-68,-77,-8,-12,0,0,-2,-28,-28,-28,-23,-24,-29,-113,-115,-108,-75,-97,-93,-100,-94,-135,-137,-5218,-5210]} 1. Nf3 Nf6 2. g3 b5 3. Na3 a6 4. c4 e6 5. b3 Bb7 (5... bxc4 6. bxc4 c5 7. Bg2 Bb7 8. Rb1 Bc6 9. O-O Be7 10. d3 O-O 11. Nc2 {½-½ (91) Duda,J (2717)-Georgiev,K (2623) Riadh 2017}) 6. Bg2 {A05: Réti Opening: 1 Nf3 Nf6} bxc4 7. Nxc4 a5 $146 ({Predecessor:} 7... d5 8. Nce5 Nbd7 9. Nxd7 Qxd7 10. O-O c5 11. Ba3 Bd6 12. d4 cxd4 13. Bxd6 Qxd6 14. Qxd4 {½-½ (50) Cano Gimenez,V (2290)-Garcia Ramos,M (2141) Almansa 2014}) 8. O-O {The position is equal.} d6 9. d4 Nc6 10. Bb2 Be7 11. e4 d5 $1 {[%cal Rd5c4]} 12. exd5 Nxd5 13. a3 O-O 14. Rc1 Rb8 15. Nfe5 (15. Qc2 $16) 15... Nxe5 $11 16. Nxe5 Qd6 17. Re1 Rfc8 (17... Ba8 $11) 18. Qd3 ({White should try} 18. Rc5 $16) 18... Ba8 19. Rc5 Qb6 $1 {[%csl LRb3,LRc5]} 20. Nc4 Qxb3 21. Qxb3 Rxb3 22. Rxa5 Bf6 23. Ba1 Rcb8 24. Nd2 R3b6 25. Ra7 h5 26. h4 Bd8 27. Rc1 Bb7 28. Nc4 Rc6 29. Bb2 $2 (29. Rb1 $11 {and White stays safe.} Rxc4 30. Bf1) 29... Ba6 $2 (29... Ra6 $1 $19 {[%cal Ra6a7]} 30. Rxb7 Rxb7) 30. Na5 Rxc1+ 31. Bxc1 Rb1 32. Rxa6 {Bxd5 is the strong threat.} Rxc1+ 33. Kh2 {Hoping for Ra8.} Bf6 34. Nc6 Nc3 35. Ne5 Bxe5 36. dxe5 {[%mdl 4096] Endgame KRB-KRN} Nd1 37. Rc6 Ra1 38. Rxc7 (38. Rc2 $11) 38... Nxf2 $17 39. Bf3 g6 (39... Rxa3 $17 40. Rc8+ (40. Bxh5 g6 $17) 40... Kh7) 40. Rc3 $11 Ra2 41. Kg1 Rd2 42. a4 Nd3 43. Ra3 Nxe5 44. Bg2 $1 Nc4 45. Ra1 {[#]} (45. Rc3 $11 Ne5 46. Ra3) 45... Na5 $1 $17 46. Bf1 Rb2 47. Rc1 {[#]} Ra2 $1 48. Bb5 Nb3 49. Rc3 Nd4 50. Bd7 $2 {[%mdl 8192]} (50. Kf1 $17) 50... Ne2+ {[%mdl 64] Double Attack. Accuracy: White = 31%, Black = 44%.} 0-1

[Event "11th LCC Rapid 2019"]
[Site "London"]
[Date "2019.12.07"]
[Round "6.4"]
[White "Harvey, Marcus R"]
[Black "Royal, Shreyas"]
[Result "1-0"]
[WhiteElo "2412"]
[BlackElo "1941"]
[PlyCount "121"]
[EventDate "2019.12.08"]
[EventType "swiss"]
[EventCountry "ENG"]
[TimeControl "15+10"]
[WhiteClock "0:11:00"]
[BlackClock "0:19:33"]

1. Nf3 {[%emt 0:00:00]} d5 {[%emt 0:00:00]} 2. b3 {[%emt 0:00:00]} Nf6 {[%emt 0:00:00]} 3. Bb2 {[%emt 0:00:00]} e6 {[%emt 0:00:00]} 4. e3 {[%emt 0:00:00]} Be7 {[%emt 0:00:00]} 5. Be2 {[%emt 0:00:00]} O-O {[%emt 0:00:00]} 6. O-O {[%emt 0:00:00]} b6 {[%emt 0:00:00]} 7. c4 {[%emt 0:00:00]} dxc4 {[%emt 0:00:00]} 8. Bxc4 {[%emt 0:00:00]} Bb7 {[%emt 0:00:00]} 9. d4 {[%emt 0:00:00]} Nbd7 {[%emt 0:00:00]} 10. a3 {[%emt 0:00:00]} c5 {[%emt 0:00:00]} 11. dxc5 {[%emt 0:00:00]} Nxc5 {[%emt 0:00:00]} 12. b4 {[%emt 0:00:00]} Qxd1 {[%emt 0:00:00]} 13. Rxd1 {[%emt 0:00:00]} Na4 {[%emt 0:00:00]} 14. Bd4 {[%emt 0:00:00]} a6 {[%emt 0:00:00]} 15. Bb3 {[%emt 0:00:00]} b5 {[%emt 0:00:00]} 16. Bxa4 {[%emt 0:00:00]} bxa4 {[%emt 0:00:00]} 17. Nc3 {[%emt 0:00:00]} a5 {[%emt 0:00:00]} 18. b5 {[%emt 0:00:00]} Bd5 {[%emt 0:00:00]} 19. Bxf6 {[%emt 0:00:00]} Bxf6 {[%emt 0:00:00]} 20. Nxd5 {[%emt 0:00:00]} exd5 {[%emt 0:00:00]} 21. Rab1 {[%emt 0:00:00]} Rfd8 {[%emt 0:00:00]} 22. Nd4 {[%emt 0:00:00]} Rd6 {[%emt 0:00:00]} 23. Nc6 {[%emt 0:00:00]} Kf8 {[%emt 0:00:00]} 24. e4 {[%emt 0:00:00]} Be7 {[%emt 0:00:00]} 25. exd5 {[%emt 0:00:00]} Rd7 {[%emt 0:00:00]} 26. b6 {[%emt 0:00:00]} Rb7 {[%emt 0:00:00]} 27. d6 {[%emt 0:00:00]} Bd8 {[%emt 0:00:00]} 28. d7 {[%emt 0:00:00]} Rxb6 {[%emt 0:00:00]} 29. Rxb6 {[%emt 0:00:00]} Bxb6 {[%emt 0:00:00]} 30. d8=Q+ {[%emt 0:00:00]} Bxd8 {[%emt 0:00:00]} 31. Nxd8 {[%emt 0:00:00]} Rc8 {[%emt 0:00:00]} 32. Nb7 {[%emt 0:00:00]} Rc3 {[%emt 0:00:00]} 33. Nxa5 {[%emt 0:00:00]} Rxa3 {[%emt 0:00:00]} 34. Rd8+ {[%emt 0:00:00]} Ke7 {[%emt 0:00:00]} 35. Nc6+ {[%emt 0:00:00]} Ke6 {[%emt 0:00:00]} 36. g3 {[%emt 0:00:00]} Ra1+ {[%emt 0:00:00]} 37. Kg2 {[%emt 0:00:00]} a3 {[%emt 0:00:00]} 38. Ra8 {[%emt 0:00:00]} Kd5 {[%emt 0:00:00]} 39. Nb4+ {[%emt 0:00:00]} Kc4 {[%emt 0:00:00]} 40. Nc2 {[%emt 0:00:00]} Ra2 {[%emt 0:00:00]} 41. Nxa3+ {[%emt 0:00:00]} Kb4 {[%emt 0:00:00]} 42. Ra7 {[%emt 0:00:00]} Rxa3 {[%emt 0:00:00]} 43. Rxf7 {[%emt 0:00:00]} g5 {[%emt 0:00:00]} 44. Rxh7 {[%emt 0:00:00]} Kc4 {[%emt 0:00:00]} 45. h4 {[%emt 0:00:00]} gxh4 {[%emt 0:00:00]} 46. Rxh4+ {[%emt 0:00:00]} Kd5 {[%emt 0:00:00]} 47. Rb4 {[%emt 0:00:00]} Ke5 {[%emt 0:00:00]} 48. g4 {[%emt 0:00:00]} Kf6 {[%emt 0:00:00]} 49. f3 {[%emt 0:00:00]} Kg5 {[%emt 0:00:00]} 50. Kg3 {[%emt 0:00:00]} Ra1 {[%emt 0:00:00]} 51. Rb5+ {[%emt 0:00:00]} Kg6 {[%emt 0:00:00]} 52. Rb6+ {[%emt 0:00:00]} Kg7 {[%emt 0:00:00]} 53. g5 {[%emt 0:00:00]} Ra4 {[%emt 0:00:00]} 54. f4 {[%emt 0:00:00]} Ra1 {[%emt 0:00:00]} 55. Kg4 {[%emt 0:00:00]} Ra5 {[%emt 0:00:00]} 56. Rb7+ {[%emt 0:00:00]} Kg8 {[%emt 0:00:00]} 57. g6 {[%emt 0:00:00]} Ra8 {[%emt 0:00:00]} 58. Kg5 {[%emt 0:00:00]} Rc8 {[%emt 0:00:00]} 59. f5 {[%emt 0:00:00]} Rc1 {[%emt 0:00:00]} 60. Rb8+ {[%emt 0:00:00]} Kg7 {[%emt 0:00:02]} 61. f6# {[%emt 0:00:00]} 1-0

[Event "11th LCC Rapid 2019"]
[Site "London"]
[Date "2019.12.07"]
[Round "6.5"]
[White "Willow, Jonah B"]
[Black "Walker, Samuel A"]
[Result "1-0"]
[WhiteElo "2355"]
[BlackElo "2039"]
[PlyCount "83"]
[EventDate "2019.12.08"]
[EventType "swiss"]
[EventCountry "ENG"]
[TimeControl "15+10"]
[WhiteClock "0:04:22"]
[BlackClock "0:03:30"]

1. e4 {[%emt 0:00:00]} c5 {[%emt 0:00:00]} 2. Nf3 {[%emt 0:00:00]} g6 {[%emt 0:00:00]} 3. d4 {[%emt 0:00:00]} cxd4 {[%emt 0:00:00]} 4. Nxd4 {[%emt 0:00:00]} Nc6 {[%emt 0:00:00]} 5. c4 {[%emt 0:00:00]} Nf6 {[%emt 0:00:00]} 6. Nc3 {[%emt 0:00:00]} Nxd4 {[%emt 0:00:00]} 7. Qxd4 {[%emt 0:00:00]} d6 {[%emt 0:00:00]} 8. f3 {[%emt 0:00:00]} Bg7 {[%emt 0:00:00]} 9. Be3 {[%emt 0:00:00]} O-O {[%emt 0:00:00]} 10. Qd2 {[%emt 0:00:00]} a5 {[%emt 0:00:00]} 11. b3 {[%emt 0:00:00]} a4 {[%emt 0:00:00]} 12. b4 {[%emt 0:00:00]} Be6 {[%emt 0:00:00]} 13. Rc1 {[%emt 0:00:00]} Nd7 {[%emt 0:00:00]} 14. Be2 {[%emt 0:00:00]} Ne5 {[%emt 0:00:00]} 15. Nb5 {[%emt 0:00:00]} Qd7 {[%emt 0:00:00]} 16. Na3 {[%emt 0:00:00]} f5 {[%emt 0:00:00]} 17. exf5 {[%emt 0:00:00]} Rxf5 {[%emt 0:00:00]} 18. O-O {[%emt 0:00:00]} Rff8 {[%emt 0:00:00]} 19. Rfd1 {[%emt 0:00:00]} Rfc8 {[%emt 0:00:00]} 20. f4 {[%emt 0:00:00]} Nf7 {[%emt 0:00:00]} 21. Bf3 {[%emt 0:00:00]} Nh6 {[%emt 0:00:00]} 22. Bf2 {[%emt 0:00:00]} Rd8 {[%emt 0:00:00]} 23. Re1 {[%emt 0:00:00]} Bf7 {[%emt 0:00:00]} 24. Bd4 {[%emt 0:00:00]} e5 {[%emt 0:00:00]} 25. Bb2 {[%emt 0:00:00]} Qf5 {[%emt 0:00:00]} 26. Nb5 {[%emt 0:00:00]} Qxf4 {[%emt 0:00:00]} 27. Qxf4 {[%emt 0:00:00]} exf4 {[%emt 0:00:00]} 28. Bxg7 {[%emt 0:00:00]} Kxg7 {[%emt 0:00:00]} 29. Bxb7 {[%emt 0:00:00]} Rab8 {[%emt 0:00:00]} 30. Re7 {[%emt 0:00:00]} Nf5 {[%emt 0:00:00]} 31. Rc7 {[%emt 0:00:00]} Kf6 {[%emt 0:00:00]} 32. Nc3 {[%emt 0:00:00]} Bg8 {[%emt 0:00:19]} 33. Nxa4 {[%emt 0:00:57]} Ne3 {[%emt 0:00:07]} 34. Nb6 {[%emt 0:00:09]} Be6 {[%emt 0:00:28]} 35. a4 {[%emt 0:00:30]} d5 {[%emt 0:00:14]} 36. cxd5 {[%emt 0:00:14]} Nxd5 {[%emt 0:00:06]} 37. Nxd5+ {[%emt 0:00:45]} Bxd5 {[%emt 0:00:02]} 38. Bxd5 {[%emt 0:00:01]} Rxd5 {[%emt 0:00:01]} 39. b5 {[%emt 0:00:06]} Rd2 {[%emt 0:00:34]} 40. R1c2 {[%emt 0:00:29]} Rbd8 {[%emt 0:00:51]} 41. Rxd2 {[%emt 0:00:33]} Rxd2 {[%emt 0:00:01]} 42. b6 {[%emt 0:00:01]} 1-0